000 00471nam a2200169Ia 4500
008 240729s9999 xx 000 0 und d
022 _a1718-7729
245 0 _aCurrent Oncology
260 _aSwitzerland
260 _bMDPI AG
650 _a Internal medicine
650 _a Neoplasms. Tumors. Oncology. Including cancer and carcinogens
650 _aMedicine
856 _uhttps://doaj.org/toc/8ed21302670440ef8e8f89eb11d29861
942 _2ddc
942 _cDOAJEJ
999 _c67573
_d67573
945 _a1
_bMadushi Gamage
_c1
_dMadushi Gamage